000 00880cam a2200265 4500
001 27209
003 BD-RjUL
005 20211209051127.0
008 140324s1969 ii ab b 001 0 eng
035 _a(BD-RjUL)27281
040 _aDLC
_cDLC
_dDLC
_dBD-RjUL
_beng
041 _aeng
082 0 0 _a915.4165
_bNAG 1969
245 1 4 _aThe Nagas in the nineteenth century /
_cEdited with an introd. by Verrier Elwin.
260 _aBombay ;
_aNew York :
_bOxford University Press,
_c1969.
300 _axii, 650 p. :
_bill. ;
_c23 cm.
350 _a42.50
500 _aCompanion volume to the anthology, India's North-East frontier in the nineteenth century.
504 _aIncludes Bibliography: p. 629-643 and index.
650 0 _aNaga (South Asian people)
_983503
700 _aElwin, Verrier,
_916666
942 _2ddc
_cBK
999 _c27209
_d27209